Veinticinco años de sociología latinoamericana. Un balance /

Guardado en:
Bibliografiske detaljer
Hovedforfatter: Franco, Rolando
Format: Texto
Tags: Tilføj Tag
Ingen Tags, Vær først til at tagge denne postø!

MARC

LEADER 00000 a a2200000 04500
001 40606
003
040
100 |a Franco, Rolando  
245 |a Veinticinco años de sociología latinoamericana. Un balance /  |c Rolando Franco 
773 |g volumen3, (XI Congreso Latinoamericano de Sociología), [páginas 140-181]  
999 |c 27308  |d 27308